000 00816naa a2200217 a 4500
001 85559
003 BD-RjUL
005 20250825101730.0
008 250825s1979 pk ||||| |||| 00| 0 urd d
035 _a(BD-RjUL)85559
040 _aBD-RjUL
_beng
_cBD-RjUL
041 _aurd
082 _223
_a891.4391092
_bAHW 1979
100 _aساحل , احمد۔ ;;; Aḥmad,Sāḥil
_916639
245 _a ولى، فن و شخصىت اور كلام / Walī, fann wa shak̲h̲ṣiyyat aur kalām /
_cساحل احمد۔, Sāḥil Aḥmad
260 _aElahabad :
_b Urdū Rāʼiṭars Gilḍ ;;; . اردو رائٹرس گلڈ ,
_c1979
300 _a208 p. ;
_c17 cm
650 _a Urdu Poets,
_vBiographies Poets,
_y1700-1799
_916640
650 _a Urdu Poets, Urdu
_y18th century Biography
_916641
942 _2ddc
_cBK
999 _c85559
_d85559